Loading...
| History - European | 0 | 6 | 0 | 4 | 60 | 112 | 126.17 | 0 | 1 |
| Science - Biology | 0 | 5 | 0 | 1 | 50 | 75 | 110.60 | 1 | 2 |
| Art - Music/Opera | 0 | 4 | 0 | 2 | 40 | 50 | 98.75 | 0 | 3 |
| Social Science - Psychology | 0 | 3 | 0 | 0 | 30 | 67 | 85.00 | 0 | 3 |
| History - Other | 0 | 3 | 0 | 2 | 30 | 103 | 120.00 | 0 | 0 |
| History - World | 0 | 3 | 0 | 2 | 30 | 98 | 122.00 | 1 | 1 |
| Religion - Christianity/Judaism | 0 | 2 | 0 | 0 | 20 | 96 | 101.50 | 1 | 1 |
| History - American | 0 | 2 | 0 | 0 | 20 | 94 | 107.00 | 0 | 1 |
| Art - Other | 0 | 2 | 1 | 0 | 15 | 139 | 143.00 | 0 | 0 |
| Other Academic/Cross-Category - Any | 0 | 1 | 0 | 0 | 10 | 96 | 96.00 | 0 | 1 |
| Current Events/Modern World - United States political | 0 | 1 | 0 | 0 | 10 | 112 | 112.00 | 0 | 1 |
| Philosophy - Enlightenment | 0 | 1 | 0 | 0 | 10 | 139 | 139.00 | 0 | 0 |
| Philosophy - 20th century | 0 | 1 | 0 | 1 | 10 | 136 | 136.00 | 0 | 0 |
| Literature - British any | 0 | 1 | 0 | 0 | 10 | 95 | 95.00 | 1 | 1 |
| Literature - World/Misc drama | 0 | 1 | 0 | 0 | 10 | 101 | 101.00 | 0 | 1 |
| Geography - Asia | 0 | 1 | 0 | 0 | 10 | 114 | 114.00 | 0 | 0 |
| Philosophy - Pre-20th | 0 | 0 | 0 | 0 | 0 | 0.00 | 0 | 0 | |
| Philosophy - Ancient | 0 | 0 | 1 | 0 | -5 | 0.00 | 0 | 0 | |
| Current Events/Modern World - Rest of world political | 0 | 0 | 1 | 0 | -5 | 0.00 | 0 | 0 |